000 01719nam a2200289 a 4500
999 _c448866
_d448866
003 BLK
005 20240601104233.0
008 180410b bul|||||r ||||||| ||bul||
020 _a9786197449709
040 _aBLK
041 _aBUL
_cBUL
080 _aФилософски мистицизъм. Ранни езотерични школи. Кабала. Теософия. Антропософия. Суфизъм. Еклектизъм. Синкретизъм. Херметизъм. Розенкройцерство. Др. школи
_b141.33
_z141.33
080 _aДвижения с елементи на християнство. Вкл. Антропософско движение (Християнска общност)
_b299.7
_z299.7
100 _aДънов, Петър Константинов
_9244373
139 _aДънов, Петър Константинов
_bД 95
245 1 0 _aВсемирното братство и двете ложи
_cИз словото на Учителя Петър Дънов и Елеазар Хараш ; Предг. Елеазар Хараш.
260 _aВарна
_bСветът на книгите
_c2021
_f(Варна : График)
_9391418
_n954-9832-
300 _a256 с.
_c17 см
380 _a1
500 _aЕлеазар Хараш - псевд. на авт. Петко Йорданов Йорданов.
504 _aБиблиогр.: с. 240-253.
650 7 _9153927
_aДъновизъм
700 1 _aХараш, Елеазар
_qЙорданов, Петко Йорданов
_gПисател и издател, езотерика
_9136203
852 _aЦб І 40984
_bЦб
942 _cKNG
_n0
_s1
_01
944 _aCR
_c2022-03-15
_k30552
_lВиолета Тройчева